Enṭe nāṭakasmaraṇakaḷ. (Record no. 82692)
[ view plain ]
| 000 -LEADER | |
|---|---|
| fixed length control field | 00655cam a22002531 4500 |
| 001 - CONTROL NUMBER | |
| control field | sa 68009064 |
| 003 - CONTROL NUMBER IDENTIFIER | |
| control field | DLC |
| 005 - DATE AND TIME OF LATEST TRANSACTION | |
| control field | 20260227112539.0 |
| 008 - FIXED-LENGTH DATA ELEMENTS--GENERAL INFORMATION | |
| fixed length control field | 950203s1967 ii 000 0 malo |
| 010 ## - LIBRARY OF CONGRESS CONTROL NUMBER | |
| LC control number | sa 68009064 |
| 025 ## - OVERSEAS ACQUISITION NUMBER | |
| Overseas acquisition number | PL480:I-Mal-1329 |
| 035 ## - SYSTEM CONTROL NUMBER | |
| System control number | (OCoLC)31931959 |
| 040 ## - CATALOGING SOURCE | |
| Original cataloging agency | DLC |
| Transcribing agency | CU |
| Modifying agency | CU |
| -- | DLC |
| 042 ## - AUTHENTICATION CODE | |
| Authentication code | premarc |
| 050 00 - LIBRARY OF CONGRESS CALL NUMBER | |
| Classification number | PN2888.A55 |
| Item number | A3 1967 |
| 100 1# - MAIN ENTRY--PERSONAL NAME | |
| Personal name | Ānt̲aṇi, Pi. Je. |
| 245 10 - TITLE STATEMENT | |
| Title | Enṭe nāṭakasmaraṇakaḷ. |
| 260 ## - PUBLICATION, DISTRIBUTION, ETC. | |
| Date of publication, distribution, etc. | [1967] |
| 300 ## - PHYSICAL DESCRIPTION | |
| Extent | 191 p. |
| Dimensions | 19 cm. |
| 546 ## - LANGUAGE NOTE | |
| Language note | In Malayalam. |
| 500 ## - GENERAL NOTE | |
| General note | Autobiographical. |
| 600 10 - SUBJECT ADDED ENTRY--PERSONAL NAME | |
| Personal name | Ānt̲aṇi, Pi. Je. |
| 650 #0 - SUBJECT ADDED ENTRY--TOPICAL TERM | |
| Topical term or geographic name entry element | Actors |
| Geographic subdivision | India |
| -- | Kerala |
| Form subdivision | Biography. |
No items available.